Coleção Mário de Andrade (Record no. 134458)

MARC details
000 -LÍDER
campo de controle de tamanho fixo 00744 a2200193 4500
001 - NÚMERO DE CONTROLE
campo de controle 134458
020 ## - ISBN - INTERNATIONAL STANDARD BOOK NUMBER
ISBN - International Standard Book Number 85-86748-01-3
040 ## - FONTE DA CATALOGAÇÃO
Instituição que transcreveu o registro Leonardo Da Vinci
041 ## - CÓDIGO DE IDIOMA
Código do idioma do texto/trilha sonora ou título diferente Português
082 ## - CDD - CLASSIFICAÇÃO DECIMAL DE DEWEY
Número de Classificação 730.07 B337c
Número do exemplar B337c
100 ## - ENTRADA PRINCIPAL--NOME PESSOAL
Nome pessoal BATISTA, Marta Rossetti
-- LIMA, Yone Soares
245 ## - TÍTULO
Título Coleção Mário de Andrade
Restante do título artes plásticas
250 ## - EDIÇÃO
Edição 2.ed
260 ## - PUBLICAÇÃO, DISTRIBUIÇÃO, ETC.
Nome do editor, distribuidor, etc. Instituto de Estudos Brasileiros
Data da publicação, distribuição, etc. 1998
Local de publicação, distribuição, etc. São Paulo
300 ## - DESCRIÇÃO FÍSICA
Extensão 322
362 ## - DATAS DE PUBLICAÇÃO E/OU DESIGNAÇÃO SEQUENCIAL
Datas de publicação e/ou designação sequencial 19980000
697 ## - ENTRADA DE ASSUNTO LOCAL--ENTIDADE COLETIVA (RLIN)
Nome corporativo ou nome da jurisdição Artes
-- Brasil
-- Arte brasileira
-- Artistas
-- Biografia
-- Alfredo Volpi
-- Vincent Van Gogh
-- Pablo Picasso
-- Anita Mafaltti
-- Emiliano Di Cavalcanti
-- Flávio de Carvalho
-- Paul de Cézanne
-- Manuel Bandeira
-- Mário de Andrade
-- Oswald de Andrade
-- Victor Brecheret
942 ## - ELEMENTOS DE ENTRADA ADICIONADOS (KOHA)
Tipo de material Koha Livros
Holdings
Situação do descarte Situação das perdas Situação física Não pode ser emprestado Biblioteca de origem Biblioteca atual Data de aquisição Total de empréstimos Número de chamada completo Código de barras Data de último acesso Data do preço efetivo Tipo de material Koha
        Leonardo Da Vinci - Osasco Leonardo Da Vinci - Osasco 27/03/2024   730.07 B337c O010020 27/03/2024 27/03/2024 Livros